[Event "79.Santo Camp. Veneto Quarti di Finale"]
[Site "Padova ITA"]
[Date "2020.02.22"]
[Round "3.23"]
[White "Sala, Giulia"]
[Black "Schiavo, Marco"]
[Result "1-0"]
[WhiteElo "2021"]
[BlackElo "1805"]
[Annotator "Gabriele Ballarin"]
[PlyCount "65"]
[EventDate "2020.02.21"]
[EventType "swiss"]
[EventRounds "3"]
[EventCountry "ITA"]

1. e4 c6 2. d4 d5 3. exd5 cxd5 4. Bd3 Nc6 5. c3 Nf6 6. Bf4 Bg4 7. Qb3 Qd7 8. Nd2 e6 9. Ngf3 Be7 10. O-O O-O 11. Rfe1 Rac8 12. Bb5 Qd8 13. h3 Bh5 14. Bd3 Bg6 15. Bxg6 hxg6 16. Qxb7 Bd6 17. Ne5 Bxe5 18. Bxe5 Nxe5 19. dxe5 Rc7 20. Qa6 Nd7 21. Nb3 Qb8 22. Qe2 Nb6 23. h4 Nc4 24. h5 a5 25. hxg6 fxg6 26. Qg4 Re7 27. Re2 Nxe5 28. Qg5 Nc6 29. Nxa5 Rc7 30. Nxc6 Rxc6 31. Qxg6 Rb6 32. Rxe6 Rxb2 33. Re7 1-0

[Event "79.Santo Camp. Veneto Quarti di Finale"]
[Site "Padova ITA"]
[Date "2020.02.22"]
[Round "3.24"]
[White "Gatti, Daniele Guglielmo"]
[Black "Giordani, Luca"]
[Result "0-1"]
[WhiteElo "1710"]
[BlackElo "1977"]
[Annotator "Gabriele Ballarin"]
[PlyCount "94"]
[EventDate "2020.02.21"]
[EventType "swiss"]
[EventRounds "3"]
[EventCountry "ITA"]

1. e4 c5 2. Nf3 e6 3. c3 Nf6 4. e5 Nd5 5. c4 Nb6 6. b3 Nc6 7. d4 cxd4 8. Nxd4 Nxe5 9. Bf4 Ng6 10. Bg3 Bb4+ 11. Nd2 a6 12. Qc2 Qf6 13. Qd3 Ne5 14. Qe4 Nc6 15. Nc2 d5 16. cxd5 Nxd5 17. Bc4 O-O 18. Bh4 Bxd2+ 19. Kxd2 Qc3+ 20. Ke2 Qxa1 21. Rxa1 Nc3+ 22. Kd3 Nxe4 23. Kxe4 b5 24. Be2 Bb7 25. Ke3 f6 26. f4 Ne7 27. g4 Nd5+ 28. Kd4 Nxf4 29. Bf1 Rac8 30. Nb4 Rfd8+ 31. Ke3 Rc3+ 32. Kf2 Rd2+ 33. Ke1 Rxh2 34. Bf2 Rf3 35. Rd1 Rhxf2 36. Rd8+ Kf7 37. Rd7+ Kg6 38. Bd3+ Nxd3+ 39. Nxd3 Rf1+ 40. Ke2 Be4 41. Nc5 R1f2+ 42. Ke1 Rxa2 43. Nxe6 Re3+ 44. Kf1 Bg2+ 45. Kg1 Re1+ 46. Kh2 Bc6+ 47. Kh3 Re3+ 0-1

[Event "79.Santo Camp. Veneto Quarti di Finale"]
[Site "Padova ITA"]
[Date "2020.02.22"]
[Round "3.25"]
[White "Pannella, Leopoldo"]
[Black "Marson, Roy"]
[Result "1-0"]
[WhiteElo "1951"]
[BlackElo "1503"]
[Annotator "Gabriele Ballarin"]
[PlyCount "133"]
[EventDate "2020.02.21"]
[EventType "swiss"]
[EventRounds "3"]
[EventCountry "ITA"]

1. e4 e5 2. Nf3 Nc6 3. Bc4 Bc5 4. c3 Nf6 5. d4 exd4 6. cxd4 Bb4+ 7. Nc3 Nxe4 8. O-O Bxc3 9. d5 Ne7 10. bxc3 O-O 11. Re1 Nf6 12. Bg5 Ng6 13. Nh4 d6 14. Nxg6 fxg6 15. Qd2 Bf5 16. Re3 Qd7 17. Qb2 Rab8 18. Rae1 Ne4 19. Bh4 Rfe8 20. g4 Nxc3 21. gxf5 Rxe3 22. Rxe3 Nd1 23. Qe2 Nxe3 24. Qxe3 Qxf5 25. Qxa7 Qg4+ 26. Bg3 Rd8 27. Bf1 h5 28. h3 Qg5 29. Qa4 Rf8 30. h4 Qd2 31. Qb3 Kh7 32. Qxb7 Qxa2 33. Bh3 Qc2 34. Qc6 Qxc6 35. dxc6 Rf3 36. Bg2 Rc3 37. Bf4 Rc5 38. Be3 Ra5 39. Bh3 Kg8 40. Bd7 Kf7 41. Kg2 Kf6 42. Bd4+ Kf7 43. Be3 Kf6 44. Bf4 Ra3 45. f3 Ra7 46. Be8 Kf5 47. Be3 Ra4 48. Kg3 d5 49. Bd7+ Ke5 50. Bd2 Ra7 51. Bf4+ Kf6 52. Bc8 Ke7 53. Bb7 Kd8 54. Be5 Ra4 55. Bxg7 Rb4 56. Bf6+ Ke8 57. Bc8 Ra4 58. Bd7+ Kf7 59. Be5 Ra7 60. Kf4 Ra8 61. Bxc7 Ke7 62. Bb6 Rg8 63. Kg5 Rg7 64. Bc5+ Kd8 65. Kf6 Rg8 66. Kf7 Rh8 67. Kg7 1-0

[Event "79.Santo Camp. Veneto Quarti di Finale"]
[Site "Padova ITA"]
[Date "2020.02.22"]
[Round "3.26"]
[White "Marson, Eva Jane"]
[Black "Solinas, Carlo"]
[Result "1/2-1/2"]
[WhiteElo "1308"]
[BlackElo "1943"]
[Annotator "Gabriele Ballarin"]
[PlyCount "103"]
[EventDate "2020.02.21"]
[EventType "swiss"]
[EventRounds "3"]
[EventCountry "ITA"]

1. e4 e5 2. Nf3 Nc6 3. Bb5 f5 4. d3 fxe4 5. dxe4 Nf6 6. O-O d6 7. Nc3 Be7 8. h3 O-O 9. Be3 Qe8 10. Qd2 Qg6 11. Kh1 Nh5 12. Rg1 Kh8 13. Nd5 Bd8 14. Rae1 a6 15. Bxc6 bxc6 16. Nc3 h6 17. Nh2 Be6 18. g4 Nf4 19. Bxf4 Rxf4 20. f3 Bh4 21. Ref1 Bc4 22. Ne2 Bg5 23. Nxf4 Bxf4 24. Qc3 Bxf1 25. Rxf1 d5 26. exd5 cxd5 27. Qxc7 Qe6 28. c3 Rc8 29. Qb7 e4 30. fxe4 Bxh2 31. Kxh2 Qe5+ 32. Kh1 Qxe4+ 33. Kg1 Qe3+ 34. Kg2 Qe4+ 35. Kg1 Re8 36. Qxa6 Qe3+ 37. Kg2 Qe4+ 38. Kg1 h5 39. gxh5 Qe3+ 40. Rf2 Qg3+ 41. Kf1 Qxh3+ 42. Kg1 Re1+ 43. Rf1 Qe3+ 44. Kh1 Qe4+ 45. Kg1 Qg4+ 46. Kf2 Qh4+ 47. Kg1 Qg3+ 48. Kh1 Qh3+ 49. Kg1 Qg4+ 50. Kf2 Re6 51. Qd3 Qxh5 52. Kg2 1/2-1/2

[Event "79.Santo Camp. Veneto Quarti di Finale"]
[Site "Padova ITA"]
[Date "2020.02.22"]
[Round "3.27"]
[White "Bettalli, Francesco"]
[Black "Rotondaro, Alberto"]
[Result "1-0"]
[WhiteElo "2272"]
[BlackElo "1893"]
[Annotator "Gabriele Ballarin"]
[PlyCount "81"]
[EventDate "2020.02.21"]
[EventType "swiss"]
[EventRounds "3"]
[EventCountry "ITA"]

1. d4 d5 2. Nf3 c5 3. e3 Nf6 4. b3 Bg4 5. Be2 Nc6 6. O-O e6 7. Bb2 Be7 8. Nbd2 O-O 9. h3 Bh5 10. Ne5 Bxe2 11. Qxe2 Rc8 12. Rac1 Nd7 13. c4 f6 14. cxd5 exd5 15. Nxd7 Qxd7 16. dxc5 Ne5 17. Bd4 Qf5 18. Rc3 Rc7 19. b4 Rfc8 20. e4 dxe4 21. Nxe4 b6 22. cxb6 Rxc3 23. Nxc3 axb6 24. Nd5 Bf8 25. Nxb6 Rc2 26. Qe3 h5 27. Rc1 Kh7 28. Rxc2 Qxc2 29. Bxe5 fxe5 30. a3 Bd6 31. h4 e4 32. g3 Bc7 33. Qc5 Qd1+ 34. Kh2 Qf3 35. Nd5 e3 36. Qc2+ Kh8 37. Nxe3 Bxg3+ 38. fxg3 Qxe3 39. a4 Qd4 40. b5 Qa7 41. Qb2 1-0

[Event "79.Santo Camp. Veneto Quarti di Finale"]
[Site "Padova ITA"]
[Date "2020.02.22"]
[Round "3.28"]
[White "Bosio, Andrea"]
[Black "Maione, Melissa"]
[Result "0-1"]
[WhiteElo "1656"]
[BlackElo "1955"]
[Annotator "Gabriele Ballarin"]
[PlyCount "96"]
[EventDate "2020.02.21"]
[EventType "swiss"]
[EventRounds "3"]
[EventCountry "ITA"]

1. e4 c5 2. Nf3 d6 3. d4 cxd4 4. Nxd4 Nf6 5. Nc3 g6 6. Be3 Ng4 7. Bb5+ Nc6 8. Nxc6 bxc6 9. Bxc6+ Bd7 10. Bxa8 Nxe3 11. fxe3 Qxa8 12. Nd5 Qb7 13. O-O Bg7 14. Qf3 Be6 15. c3 O-O 16. Qe2 Bxd5 17. exd5 Qxd5 18. e4 Qb7 19. Rac1 Rc8 20. Rc2 Rc5 21. Qf3 Bf6 22. b3 Qb6 23. Kh1 Qc7 24. c4 Re5 25. Rd1 Qb7 26. Re2 Ra5 27. Rd5 Qb4 28. Rxa5 Qxa5 29. g3 Bd4 30. Qd3 e5 31. Qd2 Qd8 32. b4 Qc8 33. Qd3 Qh3 34. Re1 f5 35. exf5 gxf5 36. Qf1 Qg4 37. Qe2 Qg7 38. c5 Qb7+ 39. Qg2 Qxb4 40. Qa8+ Kg7 41. Qxa7+ Kg6 42. Rf1 Qc4 43. Rf3 e4 44. Rf4 Qd5 45. Kg2 e3+ 46. Kh3 e2 47. Qa5 Bxc5 48. Qe1 Qd1 0-1

[Event "79.Santo Camp. Veneto Quarti di Finale"]
[Site "Padova ITA"]
[Date "2020.02.22"]
[Round "3.29"]
[White "Andreose, Pietro"]
[Black "Carletti, Angelo"]
[Result "1/2-1/2"]
[WhiteElo "1420"]
[BlackElo "1933"]
[Annotator "Gabriele Ballarin"]
[PlyCount "72"]
[EventDate "2020.02.21"]
[EventType "swiss"]
[EventRounds "3"]
[EventCountry "ITA"]

1. d4 d5 2. Nf3 Nf6 3. e3 e6 4. Bd3 b6 5. Nbd2 Bb7 6. b3 Bd6 7. Bb2 O-O 8. O-O Ne4 9. c4 Nd7 10. Ne5 f6 11. Nxd7 Qxd7 12. Nxe4 dxe4 13. Be2 f5 14. f3 Qe7 15. Qe1 Rf6 16. fxe4 fxe4 17. Rxf6 Qxf6 18. g3 Qg5 19. Bf1 Rf8 20. Bg2 h5 21. Bh3 Qg6 22. Rc1 c5 23. dxc5 Bxc5 24. Rd1 Rf3 25. Bd4 Be7 26. Be5 h4 27. Rd7 Bc5 28. Kh1 Rxe3 29. Qc1 Qg5 30. Bf4 Qh5 31. Bxe3 hxg3 32. Qf1 Bxe3 33. Rxb7 Bf2 34. hxg3 e3 35. Kg2 Qg6 36. Kh1 Qh5 1/2-1/2

[Event "79.Santo Camp. Veneto Quarti di Finale"]
[Site "Padova ITA"]
[Date "2020.02.22"]
[Round "3.30"]
[White "Miotto, Alberto"]
[Black "Bertola, Stefano"]
[Result "1-0"]
[WhiteElo "1948"]
[BlackElo "1612"]
[Annotator "Gabriele Ballarin"]
[PlyCount "117"]
[EventDate "2020.02.21"]
[EventType "swiss"]
[EventRounds "3"]
[EventCountry "ITA"]

1. Nf3 Nf6 2. c4 b6 3. d4 e6 4. e3 c5 5. d5 exd5 6. cxd5 d6 7. Nc3 Bb7 8. e4 Nbd7 9. Bd3 g6 10. O-O Bg7 11. Bf4 Bf8 12. Nb5 Qb8 13. Re1 a6 14. Nc3 Nh5 15. Be3 Bg7 16. a4 O-O 17. Nd2 Ne5 18. Be2 Nf6 19. f4 Ned7 20. Bd3 Re8 21. Qf3 Qc7 22. Re2 Re7 23. Rae1 Rae8 24. Bf2 Kf8 25. Nc4 Qb8 26. Bh4 Kg8 27. e5 dxe5 28. fxe5 Nxe5 29. Nxe5 Nxd5 30. Nxd5 Rxe5 31. Nf6+ Bxf6 32. Qxf6 Rxe2 33. Rxe2 Rxe2 34. Bxe2 Qe8 35. Qd8 Bc6 36. Qxe8+ Bxe8 37. Bd8 b5 38. axb5 axb5 39. b3 Bc6 40. Be7 Bd5 41. Bxc5 Bxb3 42. Bxb5 Bd5 43. Bd4 h5 44. Bf6 Kh7 45. Kf2 Kg8 46. Be2 Kh7 47. Bf3 Be6 48. Ke3 Kh6 49. h4 Kh7 50. Kf4 Kg8 51. Ke5 Kf8 52. Bd5 Bf5 53. Kd6 Ke8 54. Be7 Bd7 55. Bxf7+ Kxf7 56. Kxd7 Kg7 57. Ke6 Kg8 58. Kf6 Kh7 59. Bf8 1-0

[Event "79.Santo Camp. Veneto Quarti di Finale"]
[Site "Padova ITA"]
[Date "2020.02.22"]
[Round "3.31"]
[White "Vizireanu, Dragos"]
[Black "Gomirato, Anna"]
[Result "1-0"]
[WhiteElo "1944"]
[BlackElo "1666"]
[Annotator "Gabriele Ballarin"]
[PlyCount "69"]
[EventDate "2020.02.21"]
[EventType "swiss"]
[EventRounds "3"]
[EventCountry "ITA"]

1. e4 e5 2. Bc4 Bc5 3. c3 Nf6 4. d3 h6 5. Nf3 Nc6 6. O-O O-O 7. a4 a5 8. Nbd2 d6 9. Re1 Ne7 10. Nf1 Ng6 11. Ng3 c6 12. h3 Re8 13. Qc2 d5 14. Ba2 Qc7 15. exd5 cxd5 16. d4 Bb6 17. Be3 exd4 18. Bxd4 Rxe1+ 19. Rxe1 Bxd4 20. Nxd4 b6 21. Re3 Bb7 22. Qe2 Qd7 23. Bb3 Re8 24. Ngf5 Rxe3 25. Nxe3 Ne7 26. Bc2 Nc6 27. Nef5 Nxd4 28. Nxd4 Kf8 29. Qe5 Ne8 30. Bd3 Qd6 31. Qe3 Nc7 32. Nf5 Qd7 33. Qg3 Ne6 34. Qb8+ Nd8 35. Bb5 1-0

[Event "79.Santo Camp. Veneto Quarti di Finale"]
[Site "Padova ITA"]
[Date "2020.02.22"]
[Round "3.33"]
[White "Madiai, Filippo"]
[Black "Sottroi, Carlo"]
[Result "1/2-1/2"]
[WhiteElo "1779"]
[BlackElo "1630"]
[Annotator "Gabriele Ballarin"]
[PlyCount "79"]
[EventDate "2020.02.21"]
[EventType "swiss"]
[EventRounds "3"]
[EventCountry "ITA"]

1. d4 Nf6 2. Bg5 e6 3. e4 Be7 4. Bd3 d6 5. Nf3 O-O 6. O-O b6 7. c4 Bb7 8. Nc3 Nfd7 9. Bxe7 Qxe7 10. Qe2 a6 11. Rad1 c6 12. Rfe1 e5 13. Bc2 Nf6 14. dxe5 dxe5 15. Rd2 Nbd7 16. Red1 Rfe8 17. h3 Nf8 18. Qe3 Qc7 19. Na4 c5 20. Nc3 Ne6 21. Nd5 Nxd5 22. exd5 Nd4 23. Bb1 f6 24. Re1 Qd7 25. Rdd1 Rad8 26. Nxd4 exd4 27. Qg3 Rxe1+ 28. Rxe1 Re8 29. Kf1 Rxe1+ 30. Kxe1 Qe7+ 31. Kd2 g6 32. h4 Qe5 33. Qg4 Kf7 34. h5 Qg5+ 35. Qxg5 fxg5 36. hxg6+ hxg6 37. Be4 Bc8 38. g3 Bf5 39. f3 g4 40. Bxf5 1/2-1/2

[Event "79.Santo Camp. Veneto Quarti di Finale"]
[Site "Padova ITA"]
[Date "2020.02.22"]
[Round "3.34"]
[White "Conte, Edoardo"]
[Black "Rosina, Graziano"]
[Result "1-0"]
[WhiteElo "1630"]
[BlackElo "1777"]
[Annotator "Gabriele Ballarin"]
[PlyCount "35"]
[EventDate "2020.02.21"]
[EventType "swiss"]
[EventRounds "3"]
[EventCountry "ITA"]

1. e4 e5 2. Nf3 Nf6 3. Nxe5 d6 4. Nf3 Nxe4 5. d4 d5 6. Bd3 Nc6 7. O-O Be7 8. c4 Nb4 9. Re1 Bf5 10. cxd5 Qxd5 11. Bxe4 Bxe4 12. Nc3 Bxf3 13. Rxe7+ Kd8 14. gxf3 Qd6 15. Re2 Kd7 16. Ne4 Qg6+ 17. Kh1 Rae8 18. Qa4+ 1-0

[Event "79.Santo Camp. Veneto Quarti di Finale"]
[Site "Padova ITA"]
[Date "2020.02.22"]
[Round "3.35"]
[White "Karniaichuk, Valery"]
[Black "Fiscato, Claudio"]
[Result "0-1"]
[WhiteElo "1440"]
[BlackElo "1688"]
[Annotator "Gabriele Ballarin"]
[PlyCount "30"]
[EventDate "2020.02.21"]
[EventType "swiss"]
[EventRounds "3"]
[EventCountry "ITA"]

1. e4 c5 2. Bc4 e6 3. Ne2 a6 4. a4 Nc6 5. O-O Qc7 6. f4 d6 7. f5 exf5 8. exf5 Nf6 9. Nbc3 Be7 10. Nf4 Nb4 11. Qf3 O-O 12. Ncd5 Nbxd5 13. Nxd5 Nxd5 14. Qxd5 Bf6 15. g4 Bd7 0-1

[Event "80.Camp. Veneto Quarti di Finale"]
[Site "Sottomarina ITA"]
[Date "2021.06.04"]
[Round "1.1"]
[White "Pigato, Alex"]
[Black "Basso, Pier Luigi"]
[Result "0-1"]
[WhiteElo "1825"]
[BlackElo "2550"]
[Annotator "Gabriele Ballarin"]
[PlyCount "68"]
[EventDate "2021.06.04"]
[EventType "swiss"]
[EventRounds "5"]
[EventCountry "ITA"]

1. d4 d5 2. Nf3 Nf6 3. c4 c6 4. Nc3 e6 5. Bg5 Nbd7 6. e3 h6 7. Bh4 g5 8. Bg3 Nh5 9. Be2 Nxg3 10. hxg3 Bg7 11. Qc2 Qe7 12. a3 a6 13. b4 O-O 14. O-O f5 15. cxd5 exd5 16. Bd3 Nf6 17. Ne5 Qe8 18. f4 Ng4 19. Nxg4 fxg4 20. Rae1 gxf4 21. gxf4 a5 22. b5 Qe7 23. g3 Qxa3 24. bxc6 bxc6 25. Na4 Rb8 26. Rb1 Rxb1 27. Rxb1 Qe7 28. Kf2 Re8 29. Qd2 Qf7 30. Qxa5 Bf5 31. Qc3 Qh5 32. Bxf5 Qxf5 33. Rb3 Qe4 34. Qxc6 Bxd4 0-1

[Event "80.Camp. Veneto Quarti di Finale"]
[Site "Sottomarina ITA"]
[Date "2021.06.04"]
[Round "1.2"]
[White "Lodici, Lorenzo"]
[Black "Desideri, Leonardo"]
[Result "1-0"]
[WhiteElo "2487"]
[BlackElo "1793"]
[Annotator "Gabriele Ballarin"]
[PlyCount "115"]
[EventDate "2021.06.04"]
[EventType "swiss"]
[EventRounds "5"]
[EventCountry "ITA"]

1. d4 e6 2. c4 f5 3. Nc3 Nf6 4. e3 Be7 5. Bd3 O-O 6. Nge2 d6 7. Qc2 Nc6 8. a3 a6 9. f3 Qe8 10. O-O Bd8 11. b4 Ne7 12. e4 fxe4 13. fxe4 Ng6 14. Bd2 e5 15. d5 Nh5 16. Rxf8+ Nxf8 17. Nd1 Qg6 18. Ne3 Bg5 19. Nf5 Bxf5 20. exf5 Qh6 21. Bc3 Nf4 22. Nxf4 Bxf4 23. g3 Be3+ 24. Kg2 Nd7 25. Re1 Ba7 26. Bd2 Qh5 27. Be4 Bd4 28. h3 Rf8 29. Qd3 Nf6 30. Bf3 Qf7 31. g4 Nd7 32. Re2 Kh8 33. Kg3 g6 34. fxg6 hxg6 35. Bh6 Rg8 36. h4 Nf6 37. Kh3 Qd7 38. Re1 Kh7 39. Bg5 Rf8 40. Rf1 Kg7 41. Kg3 Nh7 42. Bc1 Nf6 43. Be2 Nh7 44. g5 Rxf1 45. Bxf1 Qf7 46. Qf3 Qxf3+ 47. Kxf3 Nf8 48. Bh3 b6 49. Bd2 Bb2 50. a4 Kf7 51. Bc8 Ke7 52. Bxa6 Nd7 53. Bb5 Bd4 54. Be1 Bb2 55. a5 bxa5 56. bxa5 Bd4 57. Bxd7 Kxd7 58. Ke4 1-0

[Event "80.Camp. Veneto Quarti di Finale"]
[Site "Sottomarina ITA"]
[Date "2021.06.04"]
[Round "1.3"]
[White "Pieropan, Giorgio"]
[Black "Barp, Alberto"]
[Result "0-1"]
[WhiteElo "1782"]
[BlackElo "2367"]
[Annotator "Gabriele Ballarin"]
[PlyCount "74"]
[EventDate "2021.06.04"]
[EventType "swiss"]
[EventRounds "5"]
[EventCountry "ITA"]

1. e4 e5 2. Nf3 Nc6 3. Bc4 Bc5 4. Nc3 Nf6 5. d3 h6 6. h3 d6 7. Na4 Bb6 8. O-O O-O 9. Nxb6 axb6 10. Nh2 Na5 11. Qe2 Qe7 12. Bd2 Nxc4 13. dxc4 Bd7 14. Rfe1 Nh7 15. Nf1 f5 16. exf5 Bxf5 17. Ne3 Be6 18. Nd5 Qf7 19. Rad1 b5 20. b3 bxc4 21. bxc4 b5 22. Be3 bxc4 23. Qd2 Bxd5 24. Qxd5 Qxd5 25. Rxd5 Ra4 26. a3 Rfa8 27. Bc1 Ng5 28. Bxg5 hxg5 29. Rb1 Rxa3 30. Rb7 R8a7 31. Rb4 Rc3 32. Rb2 Ra1+ 33. Kh2 Kf7 34. Rd2 Ke6 35. f3 Re1 36. Ra2 Rce3 37. Kg3 R3e2 0-1

[Event "80.Camp. Veneto Quarti di Finale"]
[Site "Sottomarina ITA"]
[Date "2021.06.04"]
[Round "1.4"]
[White "Cappelletto, Joshuaede"]
[Black "Passon, Stefano"]
[Result "1-0"]
[WhiteElo "2206"]
[BlackElo "1765"]
[Annotator "Gabriele Ballarin"]
[PlyCount "68"]
[EventDate "2021.06.04"]
[EventType "swiss"]
[EventRounds "5"]
[EventCountry "ITA"]

1. e4 e5 2. Nf3 Nc6 3. Bc4 Bc5 4. b4 Bxb4 5. c3 Ba5 6. d4 exd4 7. Qb3 Qe7 8. O-O d6 9. cxd4 Bb6 10. Bb2 Na5 11. Qa4+ Bd7 12. Bb5 O-O-O 13. Bc3 Bxb5 14. Qxb5 Qd7 15. Qd3 Nf6 16. Nbd2 Rhg8 17. a4 g5 18. d5 Nh5 19. Nd4 Nf4 20. Qf3 h5 21. Nf5 h4 22. Rfb1 Ng6 23. Bxa5 Bxa5 24. Qb3 b5 25. axb5 Bb6 26. Nc4 Ne5 27. Nxb6+ cxb6 28. Qa3 Kb8 29. Nxd6 Qe7 30. Nf5 Qxa3 31. Rxa3 Nc4 32. Ra4 Ne5 33. Nd4 f6 34. Rba1 Rg7 1-0

[Event "80.Camp. Veneto Quarti di Finale"]
[Site "Sottomarina ITA"]
[Date "2021.06.04"]
[Round "1.5"]
[White "Marson, Roy"]
[Black "Simonetto, Alessio"]
[Result "0-1"]
[WhiteElo "1756"]
[BlackElo "2114"]
[Annotator "Gabriele Ballarin"]
[PlyCount "70"]
[EventDate "2021.06.04"]
[EventType "swiss"]
[EventRounds "5"]
[EventCountry "ITA"]

1. e4 e5 2. Nf3 Nc6 3. Bb5 a6 4. Ba4 d6 5. c3 Bd7 6. O-O g6 7. d4 Bg7 8. Re1 b5 9. Bc2 Nf6 10. h3 O-O 11. Nbd2 Nh5 12. Nf1 Rb8 13. d5 Ne7 14. a4 Qc8 15. axb5 axb5 16. Bg5 f6 17. Be3 Rb7 18. Qd2 f5 19. Bg5 Qe8 20. Bxe7 Qxe7 21. exf5 gxf5 22. Qg5 Qf7 23. Qd2 Qg6 24. Qg5 b4 25. Qxg6 hxg6 26. Red1 Nf4 27. Ne3 bxc3 28. b3 e4 29. Ne1 Ne2+ 30. Kf1 Nd4 31. Ra3 Rfb8 32. Rb1 Bb5+ 33. Kg1 f4 34. Nd1 Nxc2 35. Nxc2 Bd3 0-1

[Event "80.Camp. Veneto Quarti di Finale"]
[Site "Sottomarina ITA"]
[Date "2021.06.04"]
[Round "1.6"]
[White "Mileto, Gabriele"]
[Black "Rosina, Graziano"]
[Result "1-0"]
[WhiteElo "2095"]
[BlackElo "1755"]
[Annotator "Gabriele Ballarin"]
[PlyCount "45"]
[EventDate "2021.06.04"]
[EventType "swiss"]
[EventRounds "5"]
[EventCountry "ITA"]

1. Nf3 Nf6 2. d4 d6 3. c4 g6 4. Nc3 Bg7 5. e4 O-O 6. Be2 c5 7. O-O Nbd7 8. d5 a6 9. h3 Ne8 10. Bg5 Ne5 11. Nh2 f6 12. Bh4 Nc7 13. f4 Nf7 14. Nf3 Bd7 15. a4 Qe8 16. a5 e6 17. Bd3 exd5 18. exd5 Qe3+ 19. Kh2 Qxf4+ 20. Bg3 Qh6 21. Ne4 Ne8 22. Qb3 Rb8 23. Nxc5 1-0

[Event "80.Camp. Veneto Quarti di Finale"]
[Site "Sottomarina ITA"]
[Date "2021.06.04"]
[Round "1.7"]
[White "Cecchetto, Vanni"]
[Black "Doric, Senad"]
[Result "0-1"]
[WhiteElo "1752"]
[BlackElo "2068"]
[Annotator "Gabriele Ballarin"]
[PlyCount "50"]
[EventDate "2021.06.04"]
[EventType "swiss"]
[EventRounds "5"]
[EventCountry "ITA"]

1. Nf3 d5 2. d4 Nf6 3. c4 e6 4. Nc3 c6 5. cxd5 exd5 6. Bg5 h6 7. Bxf6 Qxf6 8. e3 Nd7 9. Rc1 Bd6 10. Be2 O-O 11. Qb3 Re8 12. O-O Nf8 13. Rfe1 Ng6 14. Na4 Re7 15. Nc5 Bg4 16. Qd3 Rae8 17. b4 a6 18. a3 h5 19. Qb3 Bxf3 20. Bxf3 Qf4 21. Nxb7 Qxh2+ 22. Kf1 Rxb7 23. Rxc6 Nf4 24. g3 Nh3 25. Qc2 Qg1+ 0-1

[Event "80.Camp. Veneto Quarti di Finale"]
[Site "Sottomarina ITA"]
[Date "2021.06.04"]
[Round "1.8"]
[White "Rossato, Armando"]
[Black "Mattarella, Pietro"]
[Result "1/2-1/2"]
[WhiteElo "2061"]
[BlackElo "1721"]
[Annotator "Gabriele Ballarin"]
[PlyCount "129"]
[EventDate "2021.06.04"]
[EventType "swiss"]
[EventRounds "5"]
[EventCountry "ITA"]

1. c4 e6 2. g3 c5 3. Nc3 Nc6 4. Bg2 g6 5. Nf3 Bg7 6. O-O Nge7 7. e3 O-O 8. d4 cxd4 9. exd4 d5 10. cxd5 Nxd5 11. Re1 a6 12. Bg5 Qb6 13. Na4 Qa7 14. Be3 Nxe3 15. fxe3 Rb8 16. Rc1 Ne7 17. Kh1 b5 18. Nc5 Rd8 19. Qc2 h5 20. Qe4 Bb7 21. Nxb7 Qxb7 22. Qxb7 Rxb7 23. Ng5 Ra7 24. Rc5 Nf5 25. Rc3 Bh6 26. Ne4 Nxe3 27. Rexe3 Bxe3 28. d5 exd5 29. Nf6+ Kg7 30. Nxd5 Rad7 31. Nxe3 Rd2 32. Rc7 Rxb2 33. Bd5 Re2 34. Rxf7+ Kh6 35. Re7 Rxe3 36. Rxe3 Rxd5 37. Ra3 Rd6 38. Kg2 Kg5 39. Kf3 Kf5 40. h3 g5 41. g4+ hxg4+ 42. hxg4+ Ke5 43. Ke3 Rd4 44. Rxa6 Rxg4 45. Ra5 Rb4 46. a4 Rxa4 47. Rxb5+ Kf6 48. Kf3 Kg6 49. Kg3 Kh5 50. Rb3 Rc4 51. Ra3 Re4 52. Rc3 Kg6 53. Rc6+ Kf5 54. Rc5+ Kg6 55. Rc6+ Kh5 56. Rc3 Rf4 57. Ra3 Rg4+ 58. Kh3 Rg1 59. Ra5 Rd1 60. Ra3 Rg1 61. Ra5 Re1 62. Ra3 Kg6 63. Ra6+ Kf5 64. Ra5+ Kf4 65. Ra4+ 1/2-1/2

[Event "80.Camp. Veneto Quarti di Finale"]
[Site "Sottomarina ITA"]
[Date "2021.06.04"]
[Round "1.9"]
[White "Zangrando, Gianpietro"]
[Black "Brotto, Alessandro"]
[Result "1-0"]
[WhiteElo "1719"]
[BlackElo "2042"]
[Annotator "Gabriele Ballarin"]
[PlyCount "83"]
[EventDate "2021.06.04"]
[EventType "swiss"]
[EventRounds "5"]
[EventCountry "ITA"]

1. Nf3 d5 2. d4 Nf6 3. g3 e6 4. Bg2 Be7 5. c4 O-O 6. O-O Nbd7 7. b3 Ne4 8. Qd3 Bf6 9. Bb2 c5 10. Nbd2 cxd4 11. Nxd4 e5 12. N4f3 Ndc5 13. Qxd5 Nxd2 14. Nxd2 Qc7 15. Ne4 Nxe4 16. Qxe4 a5 17. Rfd1 Re8 18. Rd2 Rb8 19. Rad1 Be6 20. Ba3 Be7 21. Bd6 Bxd6 22. Rxd6 h6 23. Qe3 b6 24. Rc6 Qa7 25. a4 Bd7 26. Rcd6 Bf5 27. Bc6 Re7 28. Qf3 Bg6 29. e4 Qc7 30. h4 Rf8 31. Qg4 Kh8 32. Bb5 Qc5 33. Rd8 Rc7 34. R1d5 Rxd8 35. Rxd8+ Kh7 36. h5 Bxh5 37. Qxh5 Qe7 38. Qd1 Qg5 39. Rd6 Rc8 40. Rd7 Qg6 41. Qf3 Kg8 42. Qf5 1-0

[Event "80.Camp. Veneto Quarti di Finale"]
[Site "Sottomarina ITA"]
[Date "2021.06.04"]
[Round "1.10"]
[White "Toniolo, Samuel"]
[Black "Penrossa, Nicolas"]
[Result "1-0"]
[WhiteElo "2021"]
[BlackElo "1698"]
[Annotator "Gabriele Ballarin"]
[PlyCount "53"]
[EventDate "2021.06.04"]
[EventType "swiss"]
[EventRounds "5"]
[EventCountry "ITA"]

1. e4 e6 2. d4 d5 3. Nd2 Nf6 4. e5 Nfd7 5. Bd3 c5 6. c3 Nc6 7. Ne2 Be7 8. f4 f5 9. exf6 Bxf6 10. Nf3 Qb6 11. Be3 c4 12. Bc2 Qxb2 13. O-O O-O 14. Qd2 g6 15. h4 Ne7 16. h5 Qa3 17. hxg6 hxg6 18. Ne5 Nxe5 19. fxe5 Bg7 20. Bh6 Nf5 21. Bxg7 Kxg7 22. Qg5 Qb2 23. Nf4 Qxc2 24. Qxg6+ Kh8 25. Rf3 Qxg2+ 26. Qxg2 Rg8 27. Rh3+ 1-0

[Event "80.Camp. Veneto Quarti di Finale"]
[Site "Sottomarina ITA"]
[Date "2021.06.04"]
[Round "1.11"]
[White "Fiolo, Costanza"]
[Black "Candian, Lorenzo"]
[Result "0-1"]
[WhiteElo "1679"]
[BlackElo "1976"]
[Annotator "Gabriele Ballarin"]
[PlyCount "30"]
[EventDate "2021.06.04"]
[EventType "swiss"]
[EventRounds "5"]
[EventCountry "ITA"]

1. d4 Nf6 2. Nc3 d5 3. Bf4 c5 4. e3 Qa5 5. dxc5 Nbd7 6. Nf3 Ne4 7. Qd3 a6 8. Nd2 Ndxc5 9. Qxd5 Be6 10. Qe5 f6 11. Qc7 Qb4 12. Ndxe4 Nxe4 13. Bb5+ Kf7 14. O-O-O Nxc3 15. Bd7 Nxd1 0-1

[Event "80.Camp. Veneto Quarti di Finale"]
[Site "Sottomarina ITA"]
[Date "2021.06.04"]
[Round "1.12"]
[White "Bordin, Silvia"]
[Black "Serea, Gabriele"]
[Result "1-0"]
[WhiteElo "1941"]
[BlackElo "1667"]
[Annotator "Gabriele Ballarin"]
[PlyCount "107"]
[EventDate "2021.06.04"]
[EventType "swiss"]
[EventRounds "5"]
[EventCountry "ITA"]

1. e4 e5 2. Nf3 Nc6 3. d4 exd4 4. Nxd4 Bc5 5. Nb3 Bb6 6. Nc3 d6 7. Qe2 Nf6 8. Be3 Bxe3 9. Qxe3 Be6 10. O-O-O Qe7 11. h3 h5 12. g3 O-O-O 13. Bb5 Kb8 14. Bxc6 bxc6 15. Na5 Bd7 16. Nd5 Nxd5 17. Rxd5 Ka8 18. Rd3 Rb8 19. Ra3 c5 20. Rd1 Rb4 21. e5 dxe5 22. c4 e4 23. Rxd7 Qxd7 24. Qxe4+ c6 25. Nxc6 Rxc4+ 26. Qxc4 Qxc6 27. Qxf7 Qb7 28. Rf3 Qe4 29. Re3 Qh1+ 30. Kc2 Rd8 31. Qf3+ Qxf3 32. Rxf3 g6 33. Rf7 Re8 34. Kd3 Re1 35. b3 Re5 36. h4 Kb8 37. Kc4 Kc8 38. a4 a5 39. Kb5 Kb8 40. Kxa5 c4+ 41. Kb4 cxb3 42. Kxb3 Re1 43. Rf6 Rf1 44. a5 Ka7 45. a6 Rb1+ 46. Kc4 Rb2 47. Kd4 Re2 48. Kd3 Re7 49. Rxg6 Rf7 50. f4 Rf5 51. Ke4 Rb5 52. f5 Rb4+ 53. Ke5 Rb5+ 54. Kf4 1-0